000 01059nam a22002537a 4500
005 20170124103115.0
010 _aB-071123
020 _c200.00
_a8177140671
035 _aB-071123
037 _bCen Lib/Ret
040 _aDPL
_bHN
082 _a302.14
_bराजकि
100 _aराजकिशोर
_980690
245 _aएक अहिन्दू का घोषणापत्र /
_cराजकिशोर
246 _aEk ahindu ka ghoshnapatr /
_bby Rajkishore
260 _aनयी दिल्ली
_bप्रकाशन संस्थान
_c2002
270 _bनयी दिल्ली
_e110002
_a4715/21, दयानन्द मार्ग, दरियागंज
300 _a228पृ.
_c20सेमी(सजिल्द)
650 _aहिन्दू समाज
_91413
650 _aधर्मनिरपेक्षता -- समाज
_980691
650 _aHindu society
_980692
650 _aSecularism -- society
_980693
942 _2ddc
_cHN
_h302.14
_mराजकि
999 _c118528
_d118528